banner koha

Chuvas intensas na regiao sudeste do Brasil - estudo analitico sinotico tridimensional das chuvas de janeiro de 1985 (Registro n. 319167)

MARC details
000 -LÍDER
campo de controle de tamanho fixo 01208naa a22002777a 4500
001 - NÚMERO DE CONTROLE
campo de controle BR8802967
003 - IDENTIFICADOR DO NÚMERO DE CONTROLE
campo de controle BR-BrBNA
005 - DATA E HORÁRIO DA ÚLTIMA TRANSAÇÃO
campo de controle 20240918180010.0
007 - CAMPO FIXO DE DESCRIÇÃO FÍSICA--INFORMAÇÃO GERAL
campo de controle de tamanho fixo ta
008 - CAMPO DE DADOS FIXOS--INFORMAÇÃO GERAL
campo de controle de tamanho fixo 230509b bl.||||| |||| 00| 0 por d
040 ## - FONTE DA CATALOGAÇÃO
Instituição da catalogação original BR-BrBNA
Idioma da catalogação por
Instituição que transcreveu o registro Biblioteca Nacional de Agricultura
041 ## - CÓDIGO DE IDIOMA
Código do idioma do texto/trilha sonora ou título diferente (Pt)
072 ## - CÓDIGO DE CATEGORIA DE ASSUNTO
Código de Categoria de Assunto P40
Código do objeto /G514
090 ## - NÚMERO DE CHAMADA LOCAL
Número de chamada P40 BR8802967
100 1# - ENTRADA PRINCIPAL--NOME PESSOAL
Nome pessoal Alcantara, F. de
100 1# - ENTRADA PRINCIPAL--NOME PESSOAL
Nome pessoal Silva, A.S. da
111 1# - ENTRADA PRINCIPAL--NOME DO EVENTO
Nome do evento ou lugar 1. Congresso Interamericano de Meteorologia; 4. Congresso Brasileiro de Meteorologia
Local do evento Brasilia, DF (Brazil)
Data do evento ou assinatura do tratado 20-24 Oct 1986
245 1# - TÍTULO
Título Chuvas intensas na regiao sudeste do Brasil - estudo analitico sinotico tridimensional das chuvas de janeiro de 1985
260 3# - PUBLICAÇÃO, DISTRIBUIÇÃO, ETC.
Local de publicação, distribuição, etc. Belo Horiznte, MG (Brasil):
Data da publicação, distribuição, etc. 1986.
500 ## - NOTA GERAL
Nota geral Anais do 1. Congresso Interamericano de Meteorologia e 4. Congresso Brasileiro de Meteorologia<br/>Belo Horiznte, MG (Brasil): 1986. v. 2 p. 104-109<br/>(BR8802967-AM)P40<br/>
650 ## - ASSUNTO--TERMO TÓPICO
Cabeçalho tópico ou nome geográfico CHUVA
650 ## - ASSUNTO--TERMO TÓPICO
Cabeçalho tópico ou nome geográfico REGIAO SUDESTE
773 0# - ENTRADA ANALÍTICA
Título Anais do 1. Congresso Interamericano de Meteorologia e 4. Congresso Brasileiro de Meteorologia
Número de controle do registro P40 BR8802967
Partes relacionadas Belo Horiznte, MG (Brasil), 1986. v. 2 p. 104-109
909 ## -
-- 202404
-- Lucia
-- 55
-- Lucia Elande
942 ## - ELEMENTOS DE ENTRADA ADICIONADOS (KOHA)
Tipo de material Koha Capítulo-Livro
Fonte da classificação ou esquema de arquivamento na estante Classificação AGRIS
Exemplares
Situação do descarte Fonte da classificação ou esquema de arquivamento na estante Situação física Não pode ser emprestado Coleção Biblioteca de origem Biblioteca atual Localização na estante Total de empréstimos Número de telefone completo Data de último acesso Número do exemplar Tipo de material Koha Situação das perdas Data de aquisição Fonte de aquisição
  Classificação AGRIS       Biblioteca Nacional de Agricultura - Binagri Biblioteca Nacional de Agricultura - Binagri Agrobase - Acervo Geral   P40 BR8802929 20/05/2024 01 Capítulo-Livro   2024-04-11 Portaria Interministerial nº 164/94

BINAGRI

Telefone: (61)3218-2567/2388/3357/2097 - binagri@agro.gov.br

Ministério da Agricultura e Pecuária , Esplanada dos Ministérios, Bloco D, Anexo B, Brasília/DF, CEP: 70.043-900